| 000 | 00625nam a2200205 i 4500 | ||
|---|---|---|---|
| 001 | 50803 | ||
| 003 | ES-MaACL | ||
| 005 | 20230906162236.0 | ||
| 007 | t| | ||
| 008 | 030806s1982 sp ||||1| spa d | ||
| 020 | _a84-368-0191-1 | ||
| 080 | _a336.227.3 | ||
| 100 | 1 |
_aChambost, Edouard. _937866 |
|
| 245 | 1 | 4 |
_aLos paraísos fiscales / _cEdouard Chambost ; edición española, José Manuel Rodríguez Ranero. |
| 260 |
_aMadrid : _bPirámide, _c[1982] |
||
| 300 |
_a310 p. : _bil. ; _c23 cm. |
||
| 650 | 4 |
_aParaísos fiscales. _9141495 |
|
| 700 | 1 |
_aRodríguez Ranero, José Manuel. _998751 |
|
| 852 | 4 |
_aES-MaACL _jL-2236 |
|
| 999 |
_c50803 _d50803 |
||